000 00285nam a22001337a 4500
008 181008b xxu||||| |||| 00| 0 eng d
020 _a9780130996794
041 _aeng
080 _a710
100 _a43
101 _aART
245 _aA World Of Art
_cSayre,H.M
942 _2udc
_cBK
999 _c49035
_d49035